Pražské hřbitovy V./1. díl Olšanské hřbitovy

Podrobná bibliografia
Hlavný autor: Szabo, Miloš, 1964- (Autor)
Médium: Kniha
Jazyk:čeština
Fyzický popis:228 s., [16] s. obr. príl. faksim., fotogr., pl. 21 cm
Vydavateľské údaje: Praha Libri 2014
ISBN:9788072775248
Vydanie:1. vyd.
Predmet:

MARC

LEADER 00000cam a2200000 a 4500
001 vtls010624208
003 SK-MaSNL
005 20260301185303.0
008 240314s2014 xr hoe g hn 001 0dcze
015 |a SNBZSA2015 
020 |a 9788072775248  |q (viaz.) 
035 |a urn:nbn:sk:snk-am008xtw 
035 |a urn:nbn:sk:snk-am3j4c7 
035 |a E1809F7C-372A-42AA-B91F-882C32DCDDF2 
040 |a SNK  |b slo  |c SNK  |e AACR2 
041 0 |a cze 
043 |a e-xr--- 
044 |a xr  |c CZ 
072 7 |a 929  |x Biografie  |2 konspekt 
072 7 |a 71  |x Územné plánovanie. Urbanizmus. Pamiatková starostlivosť  |2 konspekt 
080 |a 718  |2 2001 
080 |a 726.82  |2 2001 
080 |a 929  |2 2001 
080 |a 929-058.1  |2 2001 
080 |a (437.311)  |2 2001 
080 |a (048.8)  |2 2001 
100 1 |a Szabo, Miloš,  |d 1964-  |4 aut  |9 487169 
245 1 0 |a Pražské hřbitovy  |n V./1. díl  |p Olšanské hřbitovy  |c Miloš Szabo 
246 3 0 |a Olšanské hřbitovy 
250 |a 1. vyd. 
260 |a Praha  |b Libri  |c 2014 
300 |a 228 s., [16] s. obr. príl.  |b faksim., fotogr., pl.  |c 21 cm 
504 |a Bibliogr.: s. 208-209 ; men. reg. ; slovníček neobvyklých výrazov 
610 2 7 |a Olšanské hřbitovy (Praha, Česko)  |2 SNKPH  |9 350625 
650 0 7 |a cintoríny  |2 SNKPH  |9 2946 
650 0 7 |a náhrobné kamene  |2 SNKPH  |9 50274 
650 0 7 |a osobnosti  |2 SNKPH  |9 29820 
650 0 7 |a Cemeteries  |2 SNKPHeng  |9 333285 
650 0 7 |a Sepulchral gravestones  |2 SNKPHeng  |9 333284 
650 0 7 |a Celebrities  |2 SNKPHeng  |9 265203 
651 7 |a Praha (Česko)  |2 SNKPH  |9 19313 
651 7 |a Prague (Czechia)  |2 SNKPHeng  |9 282408 
655 7 |a prehľady  |2 SNKPH  |9 70194 
655 7 |a Surveys  |2 SNKPHeng  |9 266058 
655 7 |a biografie  |2 SNKPH  |9 27965 
655 7 |a Biography  |2 SNKPHeng  |9 266314 
919 |a 978-80-7277-524-8 
958 |a CZ 
958 |a BC 
958 |a NT 
958 |a ZS 
999 |c 863349  |d 865279 
952 |a SNK  |b SNK  |y PREZ  |7 0  |p 17A1118392  |o snkSC 161513/5/1  |i snk2014/23275  |8 4  |g 10.07  |0 0  |1 0  |4 0  |d 2014-09-25  |f 1  |l 0  |r 2025-08-25 00:00:00  |w 2026-02-24